000 00473nam a2200157 a 4500
001 000028622
005 20200930055035.0
008 110411s1997 dr 000 | spa d
040 _aDO-SdBNP
_bspa
_cBNPHU
082 _axxx
_bG887e
100 1 _aGrullón, Domingo,
_d1955-
_955584
245 1 4 _aLos extranjeros y el derecho dominicano /
_cDomingo Grullón.
260 _aSanto Domingo :
_b[s.n.],
_c1997.
_fCalcaño & Asociados
300 _a118 p. ;
_c21 cm.
049 _aBNPD
999 _c28114
_d28114